[Event "CHN-chT (Women)"]
[Site "Qingdao"]
[Date "2024.04.08"]
[Round "7.3"]
[White "Zhang, Xinyue1"]
[Black "Zhao, Yunqing"]
[Result "0-1"]
[WhiteElo "1542"]
[BlackElo "1965"]
[PlyCount "46"]
[EventDate "2024.04.02"]
[EventType "team-swiss"]
[EventRounds "9"]
[EventCountry "CHN"]
[SourceTitle "CB16_2024"]
[SourceDate "2024.04.17"]
[SourceVersion "1"]
[SourceVersionDate "2024.04.17"]
[SourceQuality "1"]
[WhiteTeam "Zhejiang (W)"]
[BlackTeam "Hebei (W)"]
[WhiteTeamCountry "CHN"]
[BlackTeamCountry "CHN"]

1. d4 Nf6 2. Nf3 d5 3. Bf4 c5 4. e3 Nc6 5. h3 e6 6. c3 Bd6 7. Bh2 0-0 8. Bd3 Bxh2 9. Rxh2 Qd6 10. Nbd2 e5 11. dxe5 Nxe5 12. Nxe5 Qxe5 13. Rh1 b6 14. Qf3 Bb7 15. c4 Qxb2 16. Qd1 Rad8 17. Rg1 dxc4 18. Nxc4 Qc3+ 19. Ke2 Be4 20. Rc1 Bxd3+ 21. Kf3 Be4+ 22. Ke2 Rxd1 23. Rxc3 Rxg1 0-1

[Event "CHN-ch U14 Girls"]
[Site "Shanghai"]
[Date "2024.02.19"]
[Round "7"]
[White "Zhao, Chenyu"]
[Black "Zhao, Yunqing"]
[Result "1-0"]
[WhiteElo "1884"]
[BlackElo "1870"]
[PlyCount "81"]
[EventDate "2024.02.16"]
[EventType "swiss"]
[EventRounds "11"]
[EventCountry "CHN"]
[SourceTitle "CB09_2024"]
[SourceDate "2024.02.28"]
[SourceVersion "1"]
[SourceVersionDate "2024.02.28"]
[SourceQuality "1"]

1. e4 c5 2. Nf3 e6 3. d4 cxd4 4. Nxd4 Nc6 5. Nc3 Qc7 6. Be2 a6 7. 0-0 Nf6 8. Be3 Bb4 9. Na4 Be7 10. Nxc6 bxc6 11. Nb6 Rb8 12. Nxc8 Qxc8 13. e5 Nd5 14. Bc1 Bc5 15. c4 Ne7 16. b3 Qc7 17. Bb2 d6 18. Bh5 dxe5 19. Re1 Bd4 20. Bxd4 exd4 21. Qxd4 0-0 22. Qc5 Rfd8 23. Bf3 Rd2 24. Red1 Rbd8 25. b4 Rxd1+ 26. Rxd1 f5 27. Rxd8+ Qxd8 28. g3 Qd7 29. a4 Kf7 30. b5 cxb5 31. axb5 axb5 32. cxb5 Nd5 33. b6 Ke8 34. Qa5 Qd6 35. Bxd5 exd5 36. Qa8+ Kf7 37. b7 Qe7 38. b8Q Qe1+ 39. Kg2 Qe4+ 40. f3 Qe2+ 41. Kh3 1-0

[Event "Tianjin Binhai Cup-B 3rd"]
[Site "Tianjin"]
[Date "2023.08.20"]
[Round "2"]
[White "Zhao, Yunqing"]
[Black "Peng, Shiyang"]
[Result "1-0"]
[WhiteElo "1792"]
[BlackElo "1364"]
[PlyCount "93"]
[EventDate "2023.08.20"]
[EventType "swiss"]
[EventRounds "9"]
[EventCountry "CHN"]
[SourceTitle "EXT 2024"]
[Source "ChessBase"]
[SourceDate "2023.10.10"]
[SourceVersion "1"]
[SourceVersionDate "2023.10.10"]
[SourceQuality "1"]

1. Nf3 Nf6 2. g3 b5 3. d4 Bb7 4. Bg2 e6 5. 0-0 c5 6. b3 cxd4 7. Bb2 Bc5 8. Bxd4 Bxd4 9. Nxd4 Bxg2 10. Kxg2 a6 11. Nd2 d5 12. N4f3 Nbd7 13. c4 bxc4 14. bxc4 Nc5 15. Nb3 Nxb3 16. axb3 0-0 17. c5 Ne4 18. Qd4 Qc7 19. Rfc1 a5 20. Nd2 Nxd2 21. Qxd2 Rfb8 22. b4 axb4 23. Rxa8 Rxa8 24. Qxb4 Qc6 25. Qb6 Rc8 26. Qxc6 Rxc6 27. Kf3 e5 28. e4 d4 29. Ke2 Kf8 30. Kd3 Ke7 31. f4 f6 32. Kc4 Ke6 33. f5+ Kd7 34. Ra1 Rc8 35. Ra7+ Rc7 36. Ra6 Rc6 37. Ra3 h5 38. Kd5 Rc7 39. h3 Rc6 40. Ra7+ Rc7 41. c6+ Kd8 42. Ra3 Ke7 43. Kc5 Ke8 44. Kd6 Rc8 45. c7 Kf7 46. Kd7 Rxc7+ 47. Kxc7 1-0

[Event "CHN-ch U14 Girls"]
[Site "Shenzhen"]
[Date "2023.08.01"]
[Round "10"]
[White "Zhou, Yafei"]
[Black "Zhao, Yunqing"]
[Result "0-1"]
[WhiteElo "1819"]
[BlackElo "1792"]
[PlyCount "92"]
[EventDate "2023.07.28"]
[EventType "swiss"]
[EventRounds "11"]
[EventCountry "CHN"]
[SourceTitle "CBM 215 Extra"]
[Source "ChessBase"]
[SourceDate "2023.09.30"]
[SourceVersion "1"]
[SourceVersionDate "2023.09.30"]
[SourceQuality "1"]

1. c4 Nf6 2. Nc3 e6 3. e4 d5 4. e5 d4 5. exf6 dxc3 6. bxc3 Qxf6 7. Nf3 e5 8. d4 exd4 9. Bg5 Qe6+ 10. Be2 Be7 11. cxd4 Bxg5 12. Nxg5 Qg6 13. Qd2 0-0 14. 0-0 Nc6 15. Nf3 Bh3 16. Ng5 Bxg2 17. Kxg2 f6 18. d5 Ne7 19. f4 fxg5 20. Bd3 Qd6 21. fxg5 Ng6 22. Kh1 Nf4 23. Rae1 b6 24. Bc2 g6 25. Rf3 Rf7 26. Ref1 Raf8 27. Qe3 Nh5 28. Rxf7 Rxf7 29. Re1 Qf4 30. Qe8+ Kg7 31. Qe5+ Qxe5 32. Rxe5 Rf2 33. Bb3 Nf4 34. h4 Kf8 35. Re4 Nd3 36. Kg1 Rb2 37. Re6 Nc5 38. Rc6 a5 39. Rf6+ Ke7 40. Rf2 Rb1+ 41. Rf1 Rxf1+ 42. Kxf1 Nxb3 43. axb3 Kd6 44. Ke2 Kc5 45. Kd3 Kb4 46. Kc2 a4 0-1

[Event "CHN-chTB"]
[Site "Hefei"]
[Date "2023.04.21"]
[Round "8"]
[White "Wu, Shuang1111"]
[Black "Zhao, Yunqing"]
[Result "0-1"]
[WhiteElo "1586"]
[BlackElo "1616"]
[PlyCount "86"]
[EventDate "2023.04.17"]
[EventType "team-swiss"]
[EventRounds "9"]
[EventCountry "CHN"]
[SourceTitle "EXT 2024"]
[Source "ChessBase"]
[SourceDate "2023.10.10"]
[SourceVersion "1"]
[SourceVersionDate "2023.10.10"]
[SourceQuality "1"]
[WhiteTeam "Ningbo National Fitness"]
[BlackTeam "Shenzhen Qiyu"]
[WhiteTeamCountry "CHN"]
[BlackTeamCountry "CHN"]

1. d4 Nf6 2. Nf3 e6 3. e3 c5 4. Bd3 Nc6 5. a3 d5 6. b3 Qc7 7. Bb2 cxd4 8. exd4 Be7 9. 0-0 0-0 10. Nbd2 b6 11. Ne5 Nxe5 12. dxe5 Nd7 13. f4 Nc5 14. Bxh7+ Kxh7 15. Qh5+ Kg8 16. Rf3 f5 17. Rh3 Bd8 18. Nf3 Ne4 19. Bd4 g6 20. Qxg6+ Qg7 21. Qh5 Bd7 22. Nd2 Be8 23. Qe2 Qg4 24. Qd3 Qxf4 25. Be3 Qg4 26. Rf1 Be7 27. b4 Rc8 28. Bd4 Nxd2 29. Rg3 Nxf1 30. Kxf1 Qxg3 31. Qxg3+ Kh7 32. Qh3+ Kg7 33. Qg3+ Bg6 34. c3 Rh8 35. h3 Rh4 36. Qf2 Rc4 37. Qd2 f4 38. Qf2 Rc8 39. Kg1 Rf8 40. b5 f3 41. a4 fxg2 42. Qxg2 Rf5 43. Be3 Rfh5 0-1

[Event "CHN-chT (Women)"]
[Site "Nanjing"]
[Date "2023.02.17"]
[Round "4.3"]
[White "Zhao, Yunqing"]
[Black "Zhang, Xiaowen"]
[Result "0-1"]
[WhiteElo "1538"]
[BlackElo "2284"]
[PlyCount "106"]
[EventDate "2023.02.14"]
[EventType "team-swiss"]
[EventRounds "9"]
[EventCountry "CHN"]
[SourceTitle "CBM 212 Extra"]
[Source "ChessBase"]
[SourceDate "2023.03.31"]
[SourceVersion "1"]
[SourceVersionDate "2023.03.31"]
[SourceQuality "1"]
[WhiteTeam "Hebei (W)"]
[BlackTeam "Shanghai (W)"]
[WhiteTeamCountry "CHN"]
[BlackTeamCountry "CHN"]

1. e4 e6 2. d4 d5 3. exd5 exd5 4. Nf3 Bd6 5. c4 Nf6 6. Nc3 0-0 7. c5 Be7 8. Bd3 b6 9. cxb6 axb6 10. 0-0 Bg4 11. h3 Bh5 12. g4 Bg6 13. Ne5 Bxd3 14. Qxd3 c6 15. Bf4 Nfd7 16. Bg3 Nxe5 17. dxe5 Nd7 18. Rad1 Nc5 19. Qc2 Qc8 20. b4 Ne6 21. b5 d4 22. Ne4 cxb5 23. Qb3 Qc4 24. Rb1 Rxa2 25. Qxb5 Qxb5 26. Rxb5 Bc5 27. Rb3 Rd8 28. Rd1 h6 29. Kf1 Ng5 30. Bh4 Re8 31. Nxg5 hxg5 32. Bg3 Rea8 33. Rdd3 R8a3 34. Rxa3 Rxa3 35. Rxa3 Bxa3 36. Ke2 Kf8 37. Kd3 Bc5 38. Kc4 Ke7 39. h4 b5+ 40. Kd3 gxh4 41. Bxh4+ Ke6 42. Ke4 b4 43. Bg5 b3 44. Bc1 g5 45. Bb2 Bb6 46. f3 Bc5 47. Bc1 Ba7 48. Bb2 Bb6 49. Bc1 Bc7 50. Kd3 Bxe5 51. Kc4 Bf4 52. Ba3 Be3 53. Kxb3 Ke5 0-1

[Event "CHN-chB (Women)"]
[Site "Qiziwan"]
[Date "2023.02.01"]
[Round "5"]
[White "Zhao, Yunqing"]
[Black "Chen, Yining"]
[Result "1-0"]
[WhiteElo "1538"]
[BlackElo "1871"]
[PlyCount "89"]
[EventDate "2023.01.30"]
[EventType "swiss"]
[EventRounds "11"]
[EventCountry "CHN"]
[SourceTitle "CBM 212 Extra"]
[Source "ChessBase"]
[SourceDate "2023.03.31"]
[SourceVersion "1"]
[SourceVersionDate "2023.03.31"]
[SourceQuality "1"]

1. e4 e5 2. Nf3 Nc6 3. Bc4 Bc5 4. c3 Nf6 5. d4 exd4 6. e5 d5 7. Bb5 Ne4 8. cxd4 Bb6 9. Nc3 0-0 10. Be3 h6 11. Rc1 Be6 12. 0-0 f5 13. exf6 Qxf6 14. Bxc6 bxc6 15. Ne2 Bd7 16. Ne5 Be8 17. Nf4 Rd8 18. Nfd3 Rd6 19. Rc2 Re6 20. Qc1 a5 21. b4 axb4 22. Nxb4 Nd6 23. Nexc6 Bxc6 24. Rxc6 Qf5 25. Qc2 Re4 26. Qb3 Bxd4 27. Nxd5 Kh8 28. Rxc7 Bxe3 29. Nxe3 Qa5 30. Rd7 Qe5 31. h3 Nf5 32. Rd5 Qf4 33. Nxf5 Rxf5 34. g3 Qg5 35. Qb8+ Kh7 36. Rd8 Re6 37. Rh8+ Kg6 38. a4 Ra5 39. Qb3 Rea6 40. h4 Qd5 41. Qc2+ Qf5 42. Qc7 Rxa4 43. Rg8 Qf6 44. h5+ Kh7 45. Qc8 1-0